1278 1091 1167 1510 1586 1883 1173 1073 1644 1947 1241 1488 1117 1939 1760 1480 1699 1305 1994 1863 1156 1776 1746 1620 1510 1770 1157 1803 1540 1225 1265 1338 1276 1830 1458 1850 1436 1944 1476 1571 1128 1737 1599 1560 1281 1439 1491 1511 1420 1037 1032 1491 1513 1651 1998 1976 1563 1411 1252 1301 1758 1080 1517 1015 1932 1814 1940 1433 1740 1442 1306 1864 1129 1031 1246 1916 1073 1252 1587 1527 1320 1483 1647 1712 1000 1124 1571 1177 1262 1082 1543 1513 1994 1207 1032 1099 1076 1612 1500 BCNSPRNW ULIB Ver.6.0+V

เปลี่ยนเป็นภาษาไทย

Change to English
 แสดงรายละเอียดบรรณานุกรม
  กลับหน้าหลัก

Brief Record : Get Marc (ISO 2709) : E-mail record : QR code < ปิดหน้าต่าง
LEADER : 00000nam 2200000uu 4500
001    13399124035
003     ULIB
008    150105s2556||||th 000 0 tha d
020    ^a9749245407
024    9789749245408
060 04 ^aWY150^bร765ค
099    ^aเรณู อาจสาลี
245 10 ^aคำศัพท์การพยาบาลผู้ใหญ่ /^cเรณู อาจสาลี
250    ^aพิมพ์ครั้งที่ 6
260    ^aกรุงเทพฯ :^bคณะพยาบาลศาสตร์ มหาวิทยาลัยมหิดล,^c2556
300    ^a187 หน้า
650  7 ^aการพยาบาลผู้ใหญ่^xคำศัพท์
710 2  ^aมหาวิทยาลัยมหิดล^bคณะพยาบาลศาสตร์
945    ^p60^l0^i037810
945    ^p60^l0^i037811
945    ^p60^l0^i037812
945    ^p60^l0^i037813
945    ^p60^l0^i037814
999    ^aเกษร โพธิ์สุวรรณ
รายการนี้ยังไม่มีแท็ก
คุณยังไม่ได้ล็อกอิน คุณสามารถมีกิจกรรมร่วมกับเว็บไซต์ได้ แต่ต้องล็อกอินก่อน ::
  ล็อกอิน

รายการสื่อสารสนเทศ

ลำดับที่ ประเภท เลขเรียก/บาร์โค้ด สถานที่ สถานะ
1. วิทยาศาสตร์การแพทย์ และสุขภาพ
หนังสือสำรอง
สถานะ=หนังสือสำรอง
เรณู อาจสาลี WY150 ร765ค ฉ.1 
  Barcode: 037810
ห้องสมุดวิทยาเขตสวรรค์ประชารักษ์
►ส่วนจัดเก็บหนังสือเก่า สปร
บนชั้น
  ขอยืม
2. วิทยาศาสตร์การแพทย์ และสุขภาพ
วิทยาศาสตร์การแพทย์ และสุขภาพ
เรณู อาจสาลี WY150 ร765ค ฉ.2 
  Barcode: 037811
ห้องสมุดวิทยาเขตสวรรค์ประชารักษ์
►หนังสือทั่วไป
บนชั้น
3. วิทยาศาสตร์การแพทย์ และสุขภาพ
วิทยาศาสตร์การแพทย์ และสุขภาพ
เรณู อาจสาลี WY150 ร765ค ฉ.4 
  Barcode: 037813
ห้องสมุดวิทยาเขตสวรรค์ประชารักษ์
►ส่วนจัดเก็บหนังสือเก่า สปร
บนชั้น
  ขอยืม
4. วิทยาศาสตร์การแพทย์ และสุขภาพ
วิทยาศาสตร์การแพทย์ และสุขภาพ
เรณู อาจสาลี WY150 ร765ค ฉ.5 
  Barcode: 037814
ห้องสมุดวิทยาเขตสวรรค์ประชารักษ์
►ส่วนจัดเก็บหนังสือเก่า สปร
บนชั้น
  ขอยืม

BibComment


ยังไม่เคยถูกคอมเมนท์

คอมเมนท์ทรัพยากรรายการนี้
  คอมเมนท์: คำศัพท์การพยาบาล..


 Copyright 2026. Bcnsprnw @Library